| 000 | 00671nam a2200229Ia 4500 | ||
|---|---|---|---|
| 003 | OSt | ||
| 005 | 20241109100803.0 | ||
| 008 | 210719s1997 xx 000 0 und d | ||
| 040 | _cAL | ||
| 041 | _aeng | ||
| 082 | _a305.895487 SOUT | ||
| 100 |
_aSOUTH KANARITES _9182893 |
||
| 245 | _aSouth kanarites: in the United Arab Emirates | ||
| 260 |
_aMangalore _bDivyajyothi Publishing & Communications _c1997 |
||
| 300 |
_avii,146 _bPB |
||
| 650 |
_aSocial Groups _9182894 |
||
| 650 |
_aSouth Canara _9184699 |
||
| 650 |
_aSouth kanara _9182895 |
||
| 650 |
_aSociology _9182896 |
||
| 906 | _aArab ; Emirates ; in ; kanarites: ; South ; the ; United | ||
| 942 |
_2ddc _cBK |
||
| 999 |
_c214470 _d214470 |
||